Figuras y retablos de ayer / : (Registro nro. 27257)
[ vista simple ]
| 000 -CABECERA | |
|---|---|
| campo de control de longitud fija | 01389nam a2200217 a 4500 |
| 001 - NÚMERO DE CONTROL | |
| campo de control | 000027765 |
| 003 - IDENTIFICADOR DEL NÚMERO DE CONTROL | |
| campo de control | OSt |
| 005 - FECHA Y HORA DE LA ÚLTIMA TRANSACCIÓN | |
| campo de control | 20250925101038.0 |
| 007 - CAMPO FIJO DE DESCRIPCIÓN FÍSICA--INFORMACIÓN GENERAL | |
| campo de control de longitud fija | ta |
| 008 - DATOS DE LONGITUD FIJA--INFORMACIÓN GENERAL | |
| campo de control de longitud fija | 110404s1964 dr ac r 001 0 spa d |
| 040 ## - FUENTE DE LA CATALOGACIÓN | |
| Centro catalogador/agencia de origen | DO-SdBNP |
| Lengua de catalogación | spa |
| Centro/agencia transcriptor | BNPHU |
| 082 74 - NÚMERO DE LA CLASIFICACIÓN DECIMAL DEWEY | |
| Número de clasificación | 920.07293 |
| Número de documento/Ítem | M516f |
| Número de edición | 22 |
| 100 1# - ENTRADA PRINCIPAL--NOMBRE DE PERSONA | |
| Nombre de persona | Mejía Billini Espaillat, Gisela de |
| 9 (RLIN) | 54839 |
| 245 10 - MENCIÓN DE TÍTULO | |
| Título | Figuras y retablos de ayer / : |
| Resto del título | Gisela Mejía Billini de Espaillat. |
| 260 ## - PUBLICACIÓN, DISTRIBUCIÓN, ETC. | |
| Lugar de publicación, distribución, etc. | Santo Domingo : |
| Nombre del editor, distribuidor, etc. | Del Caribe, |
| Fecha de publicación, distribución, etc. | 1964. |
| 300 ## - DESCRIPCIÓN FÍSICA | |
| Extensión | 132 p. : |
| Otras características físicas | il., retrs, ; |
| Dimensiones | 24 cm. |
| 505 0# - NOTA DE CONTENIDO CON FORMATO | |
| Nota de contenido con formato | El Padre Billini -- Salomé Ureña de Henríquez -- Ercilia Pepin -- Ramón Cáceres -- El Padre Castellanos -- Francisco Gregorio Billini -- Miguel Angel Garrido -- Emilio Billini Bernal -- Mercedes Laura Aguiar -- Abigail Mejia Soliere -- Luissa Ozema Pellerano -- Enrique Mejía Arredondo -- Enrique Henríquez -- Arístides García Mella -- Don José Jesús Ravelo -- Mercedes Mota -- Pedro Emilio de Marchena -- Francisco J. Peynado -- Emiliano Tejera -- Américo Lugo -- Osvaldo García de la Concha -- (Artículos varios ) Juan Pablo Duarte -- Modas y Modistas de Ayer y Hoy -- Parque Colón, Agora, Cenáculo y Corazón de la República -- Lindbergh en Santo Domingo -- La Exposición de Santiago -- El Teatro La Republicana |
| 651 #0 - PUNTO DE ACCESO ADICIONAL DE MATERIA--NOMBRE GEOGRÁFICO | |
| Nombre geográfico | República Dominicana |
| Subdivisión general | Biografías |
| 9 (RLIN) | 78065 |
| 910 ## - DATOS DE OPCIÓN DEL USUARIO (OCLC) | |
| Datos de opción del usuario | Validado. Control de calidad MAA |
| 942 ## - ELEMENTOS DE PUNTO DE ACCESO ADICIONAL (KOHA) | |
| Fuente del sistema de clasificación o colocación | Dewey Decimal Classification |
| Tipo de ítem Koha | Libro |
| Estado de retiro | Estado de pérdida | Fuente del sistema de clasificación o colocación | No para préstamo | Código de colección | Localización permanente | Ubicación/localización actual | Ubicación en estantería | Fecha de adquisición | Número de inventario | Total de préstamos | Signatura topográfica completa | Código de barras | Fecha visto por última vez | Número de copia | Precio válido a partir de | Tipo de ítem Koha | Nota pública |
|---|---|---|---|---|---|---|---|---|---|---|---|---|---|---|---|---|---|
| Dewey Decimal Classification | Dominicana de Servicio | Biblioteca Nacional Pedro Henríquez Ureña | Patrimonio Dominicano | Depósito | 12.07.2018 | LF1 | BNPHU PD-RV 920.07293 M516f | 27765-30 | 25.06.2020 | e. 3 | 25.06.2020 | Libro y Folleto Colección Dominicana de Servicio | |||||
| Dewey Decimal Classification | Excluido de préstamo | Patrimonio Dominicano | Biblioteca Nacional Pedro Henríquez Ureña | Patrimonio Dominicano | Depósito | 04.04.2011 | LF1 | BNPHU PD-RV 920.07293 M516f | 27765-10 | 25.06.2020 | 25.06.2020 | Libro y Folleto Colección Patrimonio Dominicano | Perteneció a la bilbioteca personal de Martínez Boog. | ||||
| Dewey Decimal Classification | Excluido de préstamo | Patrimonio Dominicano | Biblioteca Nacional Pedro Henríquez Ureña | Patrimonio Dominicano | Depósito | 26.07.2011 | LF1 | BNPHU PD-RV 920.07293 M516f | 27765-20 | 25.06.2020 | e. 2 | 25.06.2020 | Libro y Folleto Colección Patrimonio Dominicano |
